书目信息 |
| 题名: |
如何克服睡眠障碍
|
|
| 作者: | 游国雄 主编 | |
| 分册: | ||
| 出版信息: | 北京 人民卫生出版社 2004 |
|
| 页数: | 133页 | |
| 开本: | 20cm | |
| 丛书名: | 著名专家谈神经系统疾病防治 | |
| 单 册: | ||
| 中图分类: | R749.7 | |
| 科图分类: | ||
| 主题词: | 睡眠障碍--防治 , 睡眠障碍 | |
| 电子资源: | ||
| ISBN: | 7-117-06481-1 | |
| 000 | 00825oam2 2200253 450 | |
| 001 | 002785223 | |
| 005 | 20061107093621.03 | |
| 010 | @a7-117-06481-1@dCNY12.00 | |
| 100 | @a20041220d2004 em y0chiy0110 ea | |
| 101 | 0 | @achi |
| 102 | @aCN@b110000 | |
| 105 | @aa z 000yy | |
| 200 | 1 | @a如何克服睡眠障碍@9ru he ke fu shui mian zhang ai@f游国雄主编 |
| 210 | @a北京@c人民卫生出版社@d2004 | |
| 215 | @a133页@c照片@d20cm | |
| 225 | 2 | @a著名专家谈神经系统疾病防治 |
| 330 | @a本书介绍了人体睡眠的形成、失眠的概念与失眠的危害,导致失眠的一些疾病,阐述了失眠的常用治疗原则与具体措施等。 | |
| 461 | 0 | @12001 @a著名专家谈神经系统疾病防治 |
| 606 | 0 | @a睡眠障碍@x防治 |
| 606 | 0 | @a睡眠障碍 |
| 690 | @aR749.7@v4 | |
| 701 | 0 | @a游国雄@9you guo xiong@f(1928.3~)@4主编 |
| 801 | 0 | @aCN@bNLC@c20061107 |
| 905 | @a10447@dR749.7@e24 | |
| 如何克服睡眠障碍/游国雄主编.-北京:人民卫生出版社,2004 |
| 133页:照片;20cm.-(著名专家谈神经系统疾病防治) |
| ISBN 7-117-06481-1:CNY12.00 |
| 本书介绍了人体睡眠的形成、失眠的概念与失眠的危害,导致失眠的一些疾病,阐述了失眠的常用治疗原则与具体措施等。 |
| ● |
| 相关链接 |
|
|
|
|
正题名:如何克服睡眠障碍
索取号:R749.7/24
 
预约/预借
| 序号 | 登录号 | 条形码 | 馆藏地/架位号 | 状态 | 备注 |
| 1 | 0381939 | 203819396 | 第二样本阅览室/ [索取号:R749.7/24] | 在馆 | |
| 2 | 0381940 | 203819403 | 第三借阅区/ [索取号:R749.7/24] | 在馆 | |
| 3 | 0381941 | 203819412 | 第三借阅区/ [索取号:R749.7/24] | 在馆 | |
| 4 | 0381942 | 203819421 | 第三借阅区/ [索取号:R749.7/24] | 在馆 | |
| 5 | 0381943 | 203819430 | 第三借阅区/ [索取号:R749.7/24] | 在馆 |